|
|
|
|
| LEADER |
01135nam a22002772a 4500 |
| 001 |
000311145 |
| 003 |
CZ BrMZK |
| 005 |
20111121061051.0 |
| 007 |
ta |
| 008 |
980107s1933 xr f cze d |
| 015 |
|
|
|a cnb000940202
|
| 035 |
|
|
|a (OCoLC)85520402
|
| 040 |
|
|
|a ABA001
|b cze
|c OSA001
|d ABA001
|
| 041 |
1 |
|
|a cze
|h fre
|
| 100 |
1 |
|
|a Descartes, René,
|d 1596-1650
|7 jn19990001725
|4 aut
|
| 245 |
1 |
0 |
|a Rozprava o metodě, jak správně vésti svůj rozum a hledati pravdu ve vědách /
|c Descartes ; přeložila Věra Szathmáryová-Vlčková
|
| 260 |
|
|
|a V Praze :
|b Jan Laichter,
|c 1933
|
| 300 |
|
|
|a [ii], 103, [ii] s. :
|b obr. příl. ;
|c 8°
|
| 490 |
1 |
|
|a Laichterova filosofická knihovna ;
|v sv. 7
|
| 700 |
1 |
|
|a Szathmáryová-Vlčková, Věra,
|d 1900-1966
|7 jk01122301
|4 trl
|
| 830 |
|
0 |
|a Laichterova filosofická knihovna
|0 s
|
| 910 |
|
|
|a BOA001
|b PK-II-0002.673
|b 2-0128.271,7
|
| 920 |
|
|
|a 000305130
|
| 990 |
|
|
|a BK
|
| 996 |
7 |
|
|b 3119810323
|c PK-II-0002.673
|l MZK
|r Sklad / do 1 hodiny
|n 42
|w 000311145
|u 000010
|a 1
|e BOA001
|j MZK50
|s A
|
| 996 |
7 |
|
|b 3119822637
|c PK-II-0002.673
|l MZK
|r Sklad / do 1 hodiny
|n 43
|w 000311145
|u 000020
|a 1
|e BOA001
|j MZK50
|s A
|